| 000 | 00926nam a2200253Ia 4500 | ||
|---|---|---|---|
| 003 | OSt | ||
| 005 | 20220923215737.0 | ||
| 006 | a|||||r|||| 00| 0 | ||
| 007 | ta | ||
| 008 | 220922b |||||||| |||| 00| 0 hin d | ||
| 024 | _a181,415 | ||
| 037 | _cTextual | ||
| 040 |
_aARTS _cARTS _bhin |
||
| 041 |
_2hin _ahin |
||
| 082 | _aO152,,1:gN, M5 | ||
| 100 | _aगुप्त, उमा कान्त | ||
| 245 | 0 | _aनयी कविता के प्रबन्ध काव्य शिल्प और जीवन दर्शन | |
| 246 | _aNayī kavitā ke prabandha kāvya shilpa aur jīvan darshana | ||
| 260 |
_aनई दिल्ली _bवाणी प्रकाशन _c1985 |
||
| 300 |
_a382 पृ. _ccm. |
||
| 650 |
_aहिन्दी साहित्य _9156264 |
||
| 942 |
_hO152,,1:gN, M5 _cTEXL _2CC |
||
| 999 |
_c334792 _d334792 |
||